Church Buildings and Architecture I Quiz Stats

 Plays Quiz not verified by Sporcle

Score 0/28 Timer 15:00
0 Plays Today
% Correct
Flying Buttress
84.1%
Aisle
80.3%
Papal Basilicas
79.4%
Colonnade
78.5%
Cruciform
78.5%
East
78.5%
Cathedral
75.5%
Altar
74.7%
Altarpiece
74.7%
Deanery
74.2%
Catacombs
73.7%
Nave
73%
Acanthus
73%
Monastery
71.7%
% Correct
Sarcophagus
69.1%
Pro-cathedral
68.7%
Capital
67.8%
Reliquary
67%
Credence Table
66.5%
Crypt
66.4%
Burial vault
66.4%
Rectory
63.9%
Egg-and-dart
60.5%
Clerestory
59.2%
Abbey
57.9%
Basilica
54.1%
Narthex
53.6%
Oratory
42.3%

You're not logged in!

Compare scores with friends on all Sporcle quizzes.
OR
Log In

Sporcle TV

Today on Sporcle TV


Watch our educational content, quiz creation guides, and fun videos on Sporcle TV.

Show Comments

Extras

Top Quizzes Today


Score Distribution

Your Account Isn't Verified!

In order to create a playlist on Sporcle, you need to verify the email address you used during registration. Go to your Sporcle Settings to finish the process.

Report this User

Report this user for behavior that violates our Community Guidelines.

Details: